000 01598nam a2200253 a 4500
001 79591
003 BD-RjUL
005 20220613105640.0
008 220322s1959 le 000 0 ara d
035 _a(BD-RjUL)79591
040 _aHAI
_beng
_cBD-RjUL
041 0 _aara
082 _223
_a962
_bMAK 1959
100 1 _aالمقريزي، احمد بن علي، ʻMaqrīzī, Aḥmad ibn
_d1364-1442
_91953
245 1 0 _a الخطط المقريزية : المسماة بالمواعظ والإعتبار بذكر الخطط والٱثار، يختص ذلك بأخبار إقليم مصر والنيل وذكر القاهرة وما يتعلق بها وباقليمها ;; al-khiṭaṭ al-Maqrīzīyah : al-musammāh; bi-al-Mawāʻiẓ wa-al-iʻtibār bi dhikr al-khiṭaṭ wa-al-Āthār, yakhtaṣṣu dhālika bi-akhbār iqlīm Miṣr wa-al-Nīl wa-dhikr al-Qāhirah wa-mā yataʻallaqu bi-hā wa-bi-iqlīmihā /
_ctalif taqi aldiyn ahmad bin ali bin abd alqadir bin muhamad almaeruf bialmiqrizii ;; تاليف تقي الدين احمد بن علي بن عبد القادر بن محمد المعروف بالمقريزي
246 3 3 _aالخطط المقريزية المسماة بالمواعظ والاعتبار بذكر الخطط والاثار
246 3 3 _aالمواعظ والاعتبار بذكر الخطط والآثار
260 _aAl-Shiyyāḥ :
_bمكتبة إحياء العلوم ;; Maktabat Iḥyāʼ ʻUlūm al-Dīn
_c1959]
300 _av. ;
_c٢٤ س.
505 _aVol-2.--v. 3.--
651 4 _aEgypt
_xHistory
_91891
651 4 _aEgypt.
942 _2ddc
_cBK
999 _c79591
_d79591